01195 a2200157 45000010006000000050017000060080041000230030015000640400040000790800059001192450062001782640043002403000019002835050714003021000021010165429520260407155814.0260407a2015 arg spa dAR-UNSa-BCEJYS aAR-UNSa-BCEJYSbspacAR-UNSa-BCEJYS a330.322.14xInversión pública. Inversión estatal10aDecisiones de inversión en la empresa privada argentina 1aBuenos Aires :bEdiciones Macchic2015 a269 p.c23 cm. a1. Concepto, características y clasificación de las inversiones - 2. El criterio del estado financiero o contable - 3. Criterios basados en los ingresos de fondos - 4. Criterios basados en los ingresos de fondos y el valor-tiempo del dinero.El criterio de la tasa interna de rendimiento del proyecto - 5. Criterios basados en los ingresos de fondos y el valor-tiempo del dinero.El criterio del valor actual neto - 6. Factores que afectan a las decisones de inversión genrral - 7. Factores que distorsionan o traban el proceso de realización de inversiones en la argentina - 8. De ciertos aspectos legales e impositivos que influyen sobre las decisiones de inversión en la Argentina - 9. Conclusiones1 aKrasuk, Jorge L.